000 00376nam a2200121Ia 4500
008 190216s9999||||xx |||||||||||||| ||und||
100 _aPercival Spear
245 4 _aThe Oxford History Of Modern India
260 _bOxford University Press
_c1983
300 _a472p
650 _aIndian History-Modern India-Indian History-Modern India-Indian History-Modern India
942 _cBK
999 _c19942
_d19942